Corby BC V SOS Communities and Local Government (Record no. 79091)

MARC details
000 -LEADER
fixed length control field 01854cam a22001935a 4500
001 - CONTROL NUMBER
control field L139803
008 - FIXED-LENGTH DATA ELEMENTS--GENERAL INFORMATION
fixed length control field 070809e20070731xxk f w 000 0 eng d
035 ## - SYSTEM CONTROL NUMBER
System control number (Sirsi) u139803
041 0# - LANGUAGE CODE
Language code of text/sound track or separate title eng
245 00 - TITLE STATEMENT
Title Corby BC V SOS Communities and Local Government
Medium [electronic resource]
260 ## - PUBLICATION, DISTRIBUTION, ETC.
Date of publication, distribution, etc. 2007
520 ## - SUMMARY, ETC.
Summary, etc. [2007] EWHC 1873 (Admin), 31 July 2007. The local authority (C) applied for judicial review of the decision of the respondent secretary of state (S) that it was not entitled to incentive payments under the Local Business Growth Incentives scheme. The scheme entitled local authorities to a grant where annual growth in its business rates receipts exceeded a set target. The data was calculated by the Valuation Office Agency (V) which recorded changes in rateable value against one of four change codes. During the year C had large changes in its business rates receipts, but due to V?s practice of recording these against change code 20 they were excluded from the valuation. The code was used to record changes of use, occupation or redevelopment. C submitted that this represented a significant departure from the stated departure of the scheme and went against their legitimate expectation. "Held": S had never stated that the scheme would not apply to the causes recorded under change code 20. He had failed to instruct V to calculate correctly by failing to advise them that this code would be excluded from the results. C's legitimate expectations were not met. Application granted.
590 ## - LOCAL NOTE (RLIN)
Local note KA
650 24 - SUBJECT ADDED ENTRY--TOPICAL TERM
Topical term or geographic name entry element CORBY BC V SOS COMMUNITIES AND LOCAL GOVERNMENT
651 #4 - SUBJECT ADDED ENTRY--GEOGRAPHIC NAME
Geographic name England and Wales
Chronological subdivision 1543-
690 ## - LOCAL SUBJECT ADDED ENTRY--TOPICAL TERM (OCLC, RLIN)
Topical term or geographic name as entry element PROPERTY-COMMERCIAL PROPERTY-COMMERCIAL PROPERTY TAXATION-BUSINESS RATES
856 40 - ELECTRONIC LOCATION AND ACCESS
Uniform Resource Identifier <a href="https://www.bailii.org/ew/cases/EWHC/Admin/2007/1873.html">https://www.bailii.org/ew/cases/EWHC/Admin/2007/1873.html</a>
Public note View the judgment free of charge at www.bailii.org...
942 ## - ADDED ENTRY ELEMENTS (KOHA)
Suppress in OPAC 0
Holdings
Withdrawn status Lost status Source of classification or shelving scheme Damaged status Not for loan Home library Current library Shelving location Date acquired Total Checkouts Full call number Barcode Date last seen Copy number Price effective from Koha item type
    Dewey Decimal Classification     Virtual Virtual Online 09/08/2007   ONLINE PUBLICATION 139803-1001 06/08/2019 1 06/08/2019 Book